000 01028pam a2200325 a 4500
001 97011584
003 PILC
005 20150112093446.0
008 970321s1998 mauab b 001 0 eng
010 _a97011584
020 _a9780071285506
040 _aDLC
_cDLC
_dDLC
050 0 0 _aHD 62.4
_b.H645 2009
082 0 0 _aG 658.049
_bH55 2009
100 1 _aHill, Charles W. L.
_914385
245 1 0 _aGlobal business today /
_cCharles W.L. Hill
250 _a6th ed.
260 _aBoston, Mass. :
_bIrwin/McGraw-Hill,
_c2009.
300 _a506 pages :
_bcolored illustration ;
_c26 cm.
500 _aOne folded, colored map inserted.
504 _aIncludes bibliographical references and index.
650 0 _aInternational business enterprises
_xManagement.
_923938
650 0 _aInternational trade.
_916339
650 0 _aInvestments, Foreign.
_912208
650 0 _aCapital market.
_923939
910 _a980907/w/c;ckc
942 _2lcc
_cBK
980 _a120898
_b7014
_e5962
_f652649
_g1
981 _bITB7
_d40002183193
999 _c14899
_d14899